Normal view
MARC view
- اللغة العربي - الكتابة الأدبية - الكتابة العلمية
Entry Topical Term
001 - CONTROL NUMBER
- control field: 36604
003 - CONTROL NUMBER IDENTIFIER
- control field: JO-AjAnu
005 - DATE AND TIME OF LATEST TRANSACTION
- control field: 20230606080118.0
008 - FIXED-LENGTH DATA ELEMENTS
- fixed length control field: 230606|| aca||aabn | a|a d
040 ## - CATALOGING SOURCE
- Original cataloging agency: JO-AjAnu
- Transcribing agency: JO-AjAnu
150 ## - HEADING--TOPICAL TERM
- Topical term or geographic name entry element: اللغة العربي - الكتابة الأدبية - الكتابة العلمية
670 ## - SOURCE DATA FOUND
- Source citation: Work cat.: (JO-AjAnu)18790: موسى، أشرف محمد, author 36603, الكتابة العربية الأدبية والعلمية